[Event "Ruhrgebiet VK2 1112"]
[Site "Nordrheinwestfalen"]
[Date "2012.02.12"]
[Round "6"]
[White "Kreul, Helmut"]
[Black "Galland, Siegfried"]
[Result "1-0"]
[WhiteElo "1924"]
[BlackElo "1409"]
[PlyCount "57"]
[EventDate "2012.09.18"]
[EventType "team-tourn"]
[EventRounds "9"]
[EventCountry "GER"]
[SourceTitle "EXT 2020"]
[Source "ChessBase"]
[SourceDate "2019.10.17"]
[SourceVersion "1"]
[SourceVersionDate "2019.10.17"]
[SourceQuality "1"]
[WhiteTeam "Bottrop SV"]
[BlackTeam "Recklinghausen Laeufer Ost II"]
[WhiteTeamCountry "GER"]
[BlackTeamCountry "GER"]

1. c4 e5 2. Nc3 Nf6 3. g3 d6 4. Bg2 Be7 5. d3 c6 6. e4 Be6 7. f4 Qc7 8. Nf3 Bg4 9. 0-0 Nbd7 10. Qe2 h5 11. h3 Bxf3 12. Bxf3 0-0-0 13. Be3 Kb8 14. b4 exf4 15. gxf4 g6 16. d4 Nh7 17. b5 c5 18. Nd5 Qa5 19. Nxe7 Rde8 20. Nd5 Qd8 21. dxc5 dxc5 22. Qf2 a6 23. Rfd1 Qc8 24. Bg2 Ndf6 25. Nxf6 Nxf6 26. e5 Nd7 27. Qf3 Kc7 28. Rd6 Kd8 29. Rad1 1-0